000 01151njm a22003257a 4500
005 2010091306256.0
006 a|||||r|||||00| 0
007 sd ammalaaahaa
008 100910t xxu||||| |||| 00| 0 hin d
028 _aEMOE. 2044
_bOdeon
035 _aGR-02105
040 _aSED/VEN
100 _91184
_aMukesh
245 _aUpaasna part. 1 & 2 /
_cby Mukesh & Lata Mangeshkar ; music Kalyanji Anandji ; lyric Indiwar
246 _aउपासना (मुकेश)
260 _aDum Dum, India
_bOdeon
_cn. d.
300 _a1 sound disc : [Gramophone Record]
_banalog, 45 rpm
_c7 in.
_fGramophone Records
500 _aBrief record.
500 _aOdeon
500 _aBlack
500 _aExtended Play
505 _aPyar shikha doon, kali kali sari (प्यार शिखा दूं) (कलि कलि साडी)
650 _xExcerpts
_zIndia
_919370
_aClassical music
_vFilmi song
700 _919371
_aLata Mangeshkar
700 _aKalyanji Anandji
_919757
700 _919372
_aIndiwar
700 _919676
942 _2ddc
_cGR
999 _c45426
_d45426